Trouve le joueur grâce à sa carrière #1 - Statistiques

Statistiques générales
  • Ce quiz a été pris 194 fois
  • Le résultat moyen est 8 sur 20
Statistiques - réponses
Hint Réponse % Correct
US Boulogne -> SM Caen -> Leicester City -> Chelsea -> Al Ittihad Kanté
91%
Sao Paulo -> AC Milan -> Real Madrid -> AC Milan -> Sao Paulo -> Orlando City Kaka
77%
Lens -> Real Madrid -> Manchester United -> Como Varane
65%
Manchester United -> Real Madrid - LA Galaxy -> Milan AC -> LA Galaxy -> Paris SG Beckham
62%
Maritimo -> Porto -> Real Madrid -> Besiktas -> Porto Pepe
54%
Bayern Münich -> Bayer Leverkusen -> Bayern Münich -> Real Madrid Kroos
51%
Bâle -> Bayern Münich -> Inter de Milan -> Stoke City -> Liverpool -> Lyon -> Chicago Fire -> Bâke Shaqiri
50%
Dortmund -> Bayern Münich -> Dortmund -> PSV Eindovhen -> Francfort Götze
48%
Argentinos Juniors -> Boca Juniors -> Barcelone -> Naples -> Séville -> Newell's Old Boys -> Boca Juniors Maradona
47%
CA Talleres -> CA Huracan -> Palerme -> Paris SG -> AS Rome -> Elche -> Qatar SC Pastore
45%
Sunderland -> Coventry City -> Sunderland -> Liverpool -> Al-Ettifaq -> Ajax Amsterdam Henderson
33%
Club América -> Ajaccio -> Malaga -> Grenade -> Standart de Liège -> Club América -> Salernitana -> AVS SAD Ochoa
33%
FC Barcelone -> Chelsea -> AS Rome -> Lazio de Rome Pedro
31%
Barcelone -> Bayern Münich -> LIverpool Thiago
31%
Athlético de Madrid -> Majorque -> UD Almeria -> Atlético de Madrid -> Arsenal Partey
23%
Toulon -> RC France -> Brest -> Paris SG -> Newcastle -> Tottenham -> Aston Villa -> Everton Ginola
17%
Juventus -> Empoli -> Juventus -> Zénith Saint-Pétersbourg Marchisio
7%
Ajax Amsterdam -> Manchester United -> Bayern Münich Mazraoui
6%
HFC Haarlem -> Feyenoord -> PSV Eindovhen -> Milan AC -> Sampdoria Gênes -> Chelsea Gullit
5%
Sporting Gijon -> Real Madrid -> FC Barcelone Luis Enrique
1%
Aucun quiz correspondant
Distribution des résultats
% des personnes avec chaque résultat
Percentile par nombre de réponses
Votre historique - résultats
Vous n’avez pas pris ce quiz